ARRUPE JESUIT UNIVERSITY

CORONAVIRUS -STOP THE SPREAD - CLEAN,DISINFECT,COVER

A short history of Italian literature. (Record no. 127053)

MARC details
000 -LEADER
fixed length control field 00834cam a22002771 4500
001 - CONTROL NUMBER
control field 8427011
003 - CONTROL NUMBER IDENTIFIER
control field ARRUPE
005 - DATE AND TIME OF LATEST TRANSACTION
control field 20171006101521.0
008 - FIXED-LENGTH DATA ELEMENTS--GENERAL INFORMATION
fixed length control field 720628s1960 mdu b 000 0 eng
010 ## - LIBRARY OF CONGRESS CONTROL NUMBER
LC control number 60023687
015 ## - NATIONAL BIBLIOGRAPHY NUMBER
National bibliography number GB60-2052
035 ## - SYSTEM CONTROL NUMBER
System control number (OCoLC)343883
040 ## - CATALOGING SOURCE
Original cataloging agency DLC
Transcribing agency ODaWU
Modifying agency OCoLC
-- Uk
-- DLC
042 ## - AUTHENTICATION CODE
Authentication code premarc
050 00 - LIBRARY OF CONGRESS CALL NUMBER
Classification number PQ4043
Item number .W5
082 ## - DEWEY DECIMAL CLASSIFICATION NUMBER
Classification number 850.9
300 ## - PHYSICAL DESCRIPTION
Dimensions 18 cm.
100 1# - MAIN ENTRY--PERSONAL NAME
Personal name Whitfield, John Humphreys.
9 (RLIN) 36752
245 12 - TITLE STATEMENT
Title A short history of Italian literature.
Statement of responsibility, etc John Humpfreys Whitfield
260 ## - PUBLICATION, DISTRIBUTION, ETC. (IMPRINT)
Place of publication, distribution, etc Baltimore
Name of publisher, distributor, etc Penguin Books
Date of publication, distribution, etc 1960
300 ## - PHYSICAL DESCRIPTION
Extent 302 p.
490 0# - SERIES STATEMENT
Series statement A Pelican book,
Volume number/sequential designation A455
504 ## - BIBLIOGRAPHY, ETC. NOTE
Bibliography, etc Includes bibliography.
650 #0 - SUBJECT ADDED ENTRY--TOPICAL TERM
Topical term or geographic name as entry element Italian literature
General subdivision History and criticism.
9 (RLIN) 36753
906 ## - LOCAL DATA ELEMENT F, LDF (RLIN)
a 7
b cbc
c oclcrpl
d u
e ncip
f 19
g y-gencatlg
942 ## - ADDED ENTRY ELEMENTS (KOHA)
Source of classification or shelving scheme Library of Congress Classification
Koha item type Monograph ( Printed materials)
Holdings
Withdrawn status Lost status Source of classification or shelving scheme Damaged status Not for loan Collection code Home library Current library Date acquired Total Checkouts Full call number Barcode Date last seen Price effective from Koha item type
    Library of Congress Classification     Main Collection ARRUPE LIBRARY ARRUPE LIBRARY 06/10/2017   PQ4643 .W5 46500027861 06/10/2017 06/10/2017 Monograph ( Printed materials)

 

Arrupe Library. PO Box MP320 Mt Pleasant, Harare, Zimbabwe
263 242 745411|librarian@aju.ac.zw